Name a China Province or City A-Z - Statistics

General Stats
  • This quiz has been taken 49 times
  • The average score is 17 of 23
Answer Stats
Hint Answer % Correct
G Guangdong | Guangxi | Guizhou | Gansu | Guangzhou | Guiyang | Guilin | Ganzhou
100%
H Hainan | Hong Kong | Heilongjiang | Hebei | Henan | Hubei | Hunan | Hangzhou | Harbin | Hefei | Huizhou | Huai'an | Huainan | Hohhot | Haikou | Hengyang | Handan | Huaibei | Hechuan
98%
S Sichuan | Shanghai | Shangdong | Shanxi | Shaanxi | Shenyang | Shantou | Shijiazhuang | Suzhou | Suqian
95%
B Beijing | Baotou | Baoding | Bengbu | Baoji | Benxi
93%
W Wuhan | Wenzhou | Weifang | Wuhu | Weihai | Wanzhou
93%
X Xinjiang | Xiamen | Xi'an | Xuzhou | Xinxiang | Xiangyang | Xingtai | Xining | Xiangtan
93%
C Chongqing | Chengdu | Changsha | Changchun | Cixi | Changde | Cangnan | Changshu | Changzhi
90%
N Ningxia | Nanjing | Nanchang | Nanning | Ningbo | Nantong | Nanyang | Nanchong
83%
T Tianjin | Tibet | Tangshan | Taizhou | Tai'an | Tengzhou
83%
F Fujian | Fuzhou | Fuyang
81%
Q Qinghai | Qingdao | Qinhuangdao | Qingyuan | Qiqihar
76%
A Anhui | Anshan | Anyang
74%
Y Yunnan | Yantai | Yangzhou | Yiwu | Yinchuan | Yancheng | Yichang | Yueyang | Yibin | Yingkou
71%
J Jilin | Jiangsu | Jiangxi | Jinan | Jiangyin | Jiaozuo | Jining | Jingzhou | Jinzhou | Jiaxing
69%
U Urumqi | Ulanhad
69%
D Dalian | Datong | Daqing
67%
Z Zhejiang | Zhengzhou | Zibo | Zhuhai | Zhangjiakou | Zhuzhou | Zhanjiang | Zunyi | Zhenjiang | Zaozhuang | Zigong
67%
L Liaoning | Lanzhou | Luoyang | Linyi | Liuzhou | Luzhou | Lianyungang
62%
M Macau | Maoming | Mianyang | Ma'anshan
60%
K Kunming | Kaifeng
55%
I Inner Mongolia
48%
P Putian | Pingxiang | Panjin | Pingdingshan
21%
R Rizhao
19%
No matching quizzes found
Score Distribution
Percent of People with Each Score
Percentile by Number Answered
Your Score History
You have not taken this quiz